Statistics for Fablehaven Groups of Things

Click here to take the quiz!

General Stats

  • This quiz has been taken 59 times
    (55 since last reset)
  • The average score is 13 of 26

Answer Stats

HintAnswer% Correct
Five Secret PreservesFablehaven
86%
BlixesNarcoblix
77%
Five Secret PreservesLost Mesa
74%
ArtifactsChronometer
72%
ArtifactsSands of Sanctity
72%
Experts Sent To Recover Artifacts ( At the two preserves who hire experts in the books)Vanessa Santoro
63%
BlixesViviblix
63%
Five Secret PreservesObsidian Waste
60%
Experts Sent To Recover Artifacts ( At the two preserves who hire experts in the books)Tanugatoa Dufu
58%
Demons of FablehavenBahumat
56%
ArtifactsFont of Immortality
56%
Five Secret PreservesLiving Mirage
56%
ArtifactsOculus
56%
ArtifactsTranslocator
56%
Experts Sent To Recover Artifacts ( At the two preserves who hire experts in the books)Coulter Dixon
53%
Demons of FablehavenGraulas
51%
BlixesLectoblix
51%
Demons of FablehavenKurisock
47%
Demons of FablehavenOlloch the Glutton
47%
EternalsRoon Osricson
44%
EternalsMark
37%
Five Secret PreservesRio Branco
37%
EternalsCivia
26%
Experts Sent To Recover Artifacts ( At the two preserves who hire experts in the books)Javier
12%
Experts Sent To Recover Artifacts ( At the two preserves who hire experts in the books)Tammy
12%
Experts Sent To Recover Artifacts ( At the two preserves who hire experts in the books)Zack
5%

Score Distribution

Percentile by Number Answered

Percent of People with Each Score

Your Score History

You have not taken this quiz since the last reset